00788nam a2200217Ia 4500003000900000008004100009020001800050040001600068080001700084100003300101245011000134260002700244300001500271490005000286650002200336650001600358650002200374942000700396999001700403952015000420IN-BaIIA211028s9999 xx 000 0 eng d a3-540-22321-5 cIIA Library a523.947bASC aAschwanden, Markus J.929216 0aPhysics of the solar coronaban introductioncMarkus J. Aschwanden  aBerlinbSpringerc2004 axxi, 842p. aSpringer-Praxis books in geophysical sciences aAstrophysics9794 aPhysics973 aSun corona917712 cBK c15859d15859 00104070aBANbBANcGENd2005-04-01ePBPL g7939.00l3m1o523.947/ ASCp16781r2025-07-25s2025-07-25v7939.00w2005-04-01yBKGRs. 7939.00